Capoluoghi di Regione - Morte improvvisa - Statistics

Statistiche generali
  • Questo quiz è stato fatto 820 volte
  • Il punteggio medio è 11 su 20
Answers on the Grid
Answers color-coded by a green-red scale on the quiz's grid according to % correct below.
Agrigento
Alessandria
Ancona
Andria
Aosta
Arezzo
Ascoli Piceno
Asti
Avellino
Bari
Barletta
Belluno
Benevento
Bergamo
Biella
Bologna
Bolzano
Brescia
Brindisi
Cagliari
Caltanissetta
Campobasso
Carbonia
Carrara
Caserta
Catania
Catanzaro
Cesena
Chieti
Como
Cosenza
Cremona
Crotone
Cuneo
Enna
Fermo
Ferrara
Firenze
Foggia
Forlì
Frosinone
Genova
Gorizia
Grosseto
Imperia
Isernia
L'Aquila
La Spezia
Latina
Lecce
Lecco
Livorno
Lodi
Lucca
Macerata
Mantova
Massa
Matera
Messina
Milano
Modena
Monza
Napoli
Novara
Nuoro
Oristano
Padova
Palermo
Parma
Pavia
Perugia
Pesaro
Pescara
Piacenza
Pisa
Pistoia
Pordenone
Potenza
Prato
Ragusa
Ravenna
Reggio Calabria
Reggio Emilia
Rieti
Rimini
Roma
Rovigo
Salerno
Sassari
Savona
Siena
Siracusa
Sondrio
Taranto
Teramo
Terni
Torino
Trani
Trapani
Trento
Treviso
Trieste
Udine
Urbino
Varese
Venezia
Verbania
Vercelli
Verona
Vibo Valentia
Vicenza
Viterbo
 
Statistiche sulle risposte
Risposta % Corretto
Milano
65%
Bologna
64%
Napoli
64%
Firenze
62%
Genova
62%
Cagliari
61%
Roma
60%
Aosta
59%
Bari
59%
Torino
59%
Palermo
58%
Trento
58%
L'Aquila
57%
Venezia
55%
Perugia
51%
Trieste
50%
Ancona
47%
Campobasso
47%
Potenza
46%
Catanzaro
42%
Nessun quiz corrispondente trovato
Distribuzione punteggi
Percentuale di utenti per punteggio
Percentile per numero di risposta
I tuoi punteggi nel tempo
Non hai fatto questo quiz